000
00509nam a2200181Ia 4500
008
100917s9999 xx 000 0 und d
082
_b
41280
100
_a
सहस्त्रबुध्दे नलिनी
245
_a
पालखी
260
_b
सोनसळे आणि कंपनी
_c
1977
300
_a
67
365
_b
4.5
520
_a
बालविभाग
630
_a
पालखी
650
_a
बालविभाग
730
_a
पालखी
942
_c
BOOK
999
_c
646674
_d
646671